Crisis intervention: theory and methodology

Uloženo v:
Podrobná bibliografie
Hlavní autor: Aguilera, Donna C (Autor)
Médium: Kniha
Jazyk:angličtina
Vydáno: Saint Louis Mosby 1993
Vydání:7a. ed
Témata:
Tagy: Přidat tag
Žádné tagy, Buďte první, kdo vytvoří štítek k tomuto záznamu!

MARC

LEADER 00000nam a2200000 a 4500
001 UCZ3090
003 CL-VaPUC
008 951020e19930000US |||||||||||||||||eng|d
082 0 4 |a 616.89  |b AGU  |2 21 
100 0 |a Aguilera, Donna C  |e author  |9 346875 
245 1 0 |a Crisis intervention: theory and methodology 
250 |a 7a. ed 
300 |a 333 p 
942 |c BK 
945 |d 19951020 00:00:00  |a rbrito 
260 |a Saint Louis  |b Mosby  |c 1993 
650 7 |a PSICOTERAPIA  |2 CL-VaPUC  |9 346876 
650 7 |a STRES  |2 CL-VaPUC  |9 346877 
650 7 |a TRATAMIENTOS DE LOS TRAUMATISMOS  |2 CL-VaPUC  |9 346878 
650 0 |a Psicología clínica  |9 307259 
583 |a last modification  |c 20130307 09:59:24  |k Rodrigo Vera 
999 |c 239612  |d 239610 
952 |0 0  |1 0  |4 0  |6 616_890000000000000_AGU_1993  |7 0  |8 A  |9 250880  |a BIBEDU  |b BIBEDU  |d 2019-11-18  |i 3141403  |o 616.89 AGU 1993  |p 3141403  |r 2019-11-18  |w 2019-11-18  |y BK  |k PSI